Paroles de Joe le taxi (Vanessa Paradis) - Statistiques

Statistiques générales
  • Ce quiz a été pris 163 fois
  • Le résultat moyen est 24 sur 46
Statistiques - réponses
Hint Réponse % Correct
Joe le taxi
94%
Joe le taxi
94%
Joe le taxi
94%
Joe le taxi
94%
Joe le taxi
94%
Joe le taxi
94%
Joe le taxi
94%
Joe le taxi
94%
J... Joe - Joe - Joe
80%
J... Joe - Joe - Joe
80%
Y va pas partout
72%
C'est sa vie
69%
C'est sa vie
69%
Y marche pas au soda
63%
Connait toutes les rues par coeur
60%
Vas- y Joe
60%
Vas- y Joe
60%
Vas- y Joe
60%
La musique à Joe
59%
C'est la rumba
57%
C'est la rumba
57%
E... Embouteillage
55%
E... Embouteillage
55%
Tous les coins noirs
55%
Dans sa caisse
54%
Dans sa caisse
54%
Son saxo jaune
53%
Tous les p'tits bars
49%
Vas- y fonce
44%
Vas- y fonce
44%
Il est comme ça
40%
Le rhum au mambo
40%
Le rhum au mambo
40%
Et la Seine
34%
Le vieux rock au mambo
33%
Et ses ponts qui brillent
31%
Rhum et mambo
29%
La musique à Joe résonne
26%
Dans la nuit vers l'Amazone
24%
Dans la nuit vers l'amazone
24%
le vieux rock au mambo bidon
19%
Et les Mariachis
10%
Et le cha-cha-chi
6%
Et le cha-cha-chi
6%
Et Xavier Cugat
6%
Et Yma Sumac
6%
Aucun quiz correspondant
Distribution des résultats
% des personnes avec chaque résultat
Percentile par nombre de réponses
Votre historique - résultats
Vous n’avez pas pris ce quiz